Tia Sáng /
সংরক্ষণ করুন:
| সংস্থা লেখক: | |
|---|---|
| বিন্যাস: | পত্রিকা |
| ভাষা: | Vietnamese |
| প্রকাশিত: |
H.:
Bộ Khoa Học và Công Nghệ,
2001.
|
| ট্যাগগুলো: |
ট্যাগ যুক্ত করুন
কোনো ট্যাগ নেই, প্রথমজন হিসাবে ট্যাগ করুন!
|
| Thư viện lưu trữ: | Thư viện Trường Đại học Đà Lạt |
|---|
| LEADER | 00541nam a2200217 4500 | ||
|---|---|---|---|
| 001 | DLU040026253 | ||
| 040 | # | # | |a dlu |b vie |
| 041 | # | # | |a vie |
| 245 | # | # | |a Tia Sáng / |c Bộ Khoa Học và Công Nghệ |
| 260 | # | # | |a H.: |b Bộ Khoa Học và Công Nghệ, |c 2001. |
| 300 | # | # | |a 50tr.; |c 29cm. |
| 310 | # | # | |a hàng tháng |
| 710 | # | # | |a Bộ Khoa Học và Công Nghệ |
| 994 | # | # | |a DLU |
| 900 | # | # | |a True |
| 911 | # | # | |a Lê Thị Mạnh Xuân |
| 925 | # | # | |a G |
| 926 | # | # | |a A |
| 927 | # | # | |a TT |
| 980 | # | # | |a Thư viện Trường Đại học Đà Lạt |